000 00512nam a2200181 a 4500
001 000026045
005 20200930024245.0
008 110225s1982 nq a r 001 0 spa d
040 _aDO-SdBNP
_beng
_cBNPHU
082 _ann*
_bnn*
100 1 _aGravina Telechea, María.
_952984
245 1 0 _aQue diga Quincho /
_cMaría Gravina Telechea.
260 _aManagua :
_bNueva Nicaragua,
_c1982.
300 _a130 p. :
_bil. ;
_c22 cm.
490 1 _aTestimonio.
_v3
830 0 _aTestimonio.
_v3
_916115
049 _aBNGR
999 _c25537
_d25537